La Visita de Zoellick a C.A.

Gespeichert in:
Bibliographische Detailangaben
Format: Text
Tags: Tag hinzufügen
Keine Tags, Fügen Sie den ersten Tag hinzu!

MARC

LEADER 00000 a a2200000 04500
001 6695
003
040
245 |a La Visita de Zoellick a C.A.  
773 |g volumen 24, número 1067; páginas 11-12  
999 |c 40044  |d 40044